zpět

Detail výsledku týmu

Oskar klub, Neratovice

Datum a čas kvízu

24 Celkem bodů Celkový počet nahraných bodů na tomto kvízu bez doplňovacích otázek.
2. Pořadí na kvízu Konečné umístění týmu na tomto kvízu.

Zaznamenané odpovědi

# Otázka Odpověď Body Výsledky
1. Český prezident Miloš Zeman se... Vídeň, šilink (Schilling) 0.5
2. Mezinárodní skupina vědců přiš... Skrillex 0
3. Jak se jmenuje černá komedie r... Teroristka 1
4. Švédský nábytkářský řetězec IK... začne nabízet pronájem nábytku 0
5. Apríl, nebo nechtěný omyl? Fot... Místo Slavie zval na souboj se Spartou. 1
6. V tomto tématu ověříme vaše zn... Zvěř nehájenou lze lovit po celý rok, zvěř hájená má omezenou dobu lovu. 1
7. Kterým slovem začínajícím na p... kozlice 1
8. Jelen bílý je zvláštní barevno... Žleby, Žehušice, Kopidlno a Janovice 1
9. Kolikaterák je tento jelen? desaterák (nerovný) 1
10. Co v myslivecké mluvě znamená... oči 1